| 000 | 01126aam a2200313 i 4500 | ||
|---|---|---|---|
| 001 | 016601913 | ||
| 003 | OSt | ||
| 005 | 20150323122539.0 | ||
| 008 | 131106t20142014enka b 001 0 eng c | ||
| 020 | _a9781292039954 | ||
| 020 | _a1292039957 (pbk.) | ||
| 040 |
_aUk _beng _cUk _erda _dUkCU _dUk _dEG-ScBUE |
||
| 043 | _an-us--- | ||
| 082 | 0 | 0 |
_a344.730189 _bCAR _222 |
| 100 | 1 | _aCarrell, Michael R. | |
| 245 | 1 | 0 |
_aLabor relations & collective bargaining : _bprivate and public sectors / _cMichael Carrell, Christina Heavrin. |
| 246 | 3 | _aLabor relations and collective bargaining | |
| 250 | _a10th ed.,Pearson new international ed. | ||
| 260 |
_aHarlow : _bPearson Education Limited, _cc.2014. |
||
| 300 |
_aii, 538 p. : _bill. ; _c28 cm. |
||
| 504 | _aIncludes bibliographical references and index. | ||
| 650 | 0 |
_aCollective labor agreements _zUnited States. |
|
| 650 | 0 |
_aCollective bargaining _xLaw and legislation _zUnited States. |
|
| 650 | 0 |
_aIndustrial relations _zUnited States. |
|
| 653 |
_bBUSADM _cMarch2015 |
||
| 655 |
_vreading book _934232 |
||
| 700 | 1 | _aHeavrin, Christina. | |
| 942 |
_2ddc _k344.730189 CAR |
||
| 999 |
_c19097 _d19069 |
||